000 01976nam a2200313Ia 4500
999 _c55597
_d55597
001 22692
003 GE_BSU
005 20230418165440.0
008 181216s ||||ge |||||||||||||| ||geo||
020 _a9789941937354
040 _cGE_BSU
041 _ageo
080 _a373.3+37.091.21 ე-28
100 _aევერტსონი, კაროლინ
_917664
245 _aკლასის მართვა :
_bდაწყებითი სწავლების მასწავლებელთათვის /
_cკაროლინ ევერტსონი, მ. ედმუნდ, ტ. ემერი ; მთარგმნ. გურამ აბაშიძე ; რედ. მანანა ბოჭორიშვილი.
264 _aთბილისი ;
_bუსტარი,
_c2014.
300 _a302 გვ. :
_bილ. ;
_c21 სმ.
500 _aდაფინანსებულია საქ-ში აშშ-ს საელჩოს წიგნების თარგმნის პროგრამის ფარგლებში
520 _aდაფინანსებულია საქ-ში აშშ-ს საელჩოს წიგნების თარგმნის პროგრამის ფარგლებში
541 _h10ლ.
653 _aდაწყებითი განათლება
653 _aკლასის მართვა : დაწყებითი სწავლების მასწავლებელთათვის
653 _aპედაგოგიკა
700 _aედმუნდ, მ.
_eავტორი
_917665
700 _aემერი, ტ.
_eავტორი
_917666
700 _aაბაშიძე, გურამ
_eმთარგმნელი
_917667
700 _aბოჭორიშვილი, მანანა
_eრედაქტორი
_97165
942 _cBK
_2udc